| 000 | 01022nam a2200313 a 4500 | ||
|---|---|---|---|
| 001 | 42925 | ||
| 003 | BD-RjUL | ||
| 005 | 20211209053622.0 | ||
| 008 | 800529r1975 enka b 001 0 eng d | ||
| 020 | _a0521065399 | ||
| 020 | _a0521099692 (pbk.) | ||
| 035 | _a(OCoLC)1835344 | ||
| 035 | _a(OCoLC)ocm01835344 | ||
| 035 | _a(BD-RjUL)43043 | ||
| 035 | _a(NNC)23083 | ||
| 040 |
_aCSt _cCSt _dNNC _dCStRLIN _dBD-RjUL _beng |
||
| 041 | _aeng | ||
| 082 |
_223 _a330.1 _bSAP 1960 |
||
| 090 |
_aHB171 _b.S725 1975 |
||
| 100 | 1 |
_aSraffa, Piero. _9131823 |
|
| 245 | 1 | 0 |
_aProduction of commodities by means of commodities : _bprelude to a critique of economic theory / _cby Piero Sraffa. |
| 250 | _a1st paperback ed. | ||
| 260 |
_aCambridge ; _aNew York : _bCambridge University Press, _c c1960, [ Rprinted1976] |
||
| 300 |
_axii, 98 p. : _bgraphs ; _c25 cm. |
||
| 500 | _aIssued with various printing dates. | ||
| 504 | _aIncludes bibliographical references and index. | ||
| 650 | 0 |
_aIndustries. _9131824 |
|
| 942 |
_2ddc _cBK |
||
| 999 |
_c42925 _d42925 |
||